[Event "Ch Spain (autonomicas)"]
[Site "Calvia (Spain)"]
[Date "2007.05.04"]
[Round "2"]
[White "Vallejo Pons Francisco (ESP)"]
[Black "Moreno Ruiz Javier (ESP)"]
[Result "1-0"]
[WhiteElo "2660"]
[BlackElo "2466"]

{ Moreno Ruiz Javier (ESP) +1 =0 -0 } 1.g3 e5 2.c4 Nc6 3.Bg2 g6 4.Nc3 Bg7 5.d3
d6 6.Rb1 a5 7.a3 Nf6 { ?/= } 8.Bg5 ( 8.b4 axb4 9.axb4 O-O 10.b5 Nd4 11.e3 Ne6
12.Nge2 Re8 13.O-O Nc5 14.h3 h6 15.Bb2 Bd7 16.d4 exd4 17.Nxd4 Qc8 18.Kh2 c6
19.Qc2 Qc7 20.Ra1 Rxa1 21.Rxa1 h5 22.Kg1 Qc8 23.Kh2 Qc7 24.Kg1 Qc8 { 1/2-1/2,
Kasparov Garry 2760 - Hort Vlastimil 2595 , Cologne 1988 Match } ) 8...h6
9.Bxf6 ( 9.Bd2 Ne7 ( 9...O-O 10.Qc1 { +0.04 CAP } ) 10.Nf3 O-O 11.Qc1 Kh7
12.h4 Rh8 13.e4 c6 14.b4 axb4 15.axb4 Ng4 16.Nh2 Nxh2 17.Rxh2 Be6 18.f4 d5
19.exd5 cxd5 20.c5 h5 21.Nb5 Qd7 22.Nd6 Nf5 23.fxe5 Bxe5 24.Bf4 Bg7 25.Bf3
Nxd6 26.Bxd6 Rhe8 27.Kd1 Bg4 28.Qf4 Qa4+ { ...0-1, Capece Adolivio 2041 -
Jurkovic Ante 2352 , Celle Ligure 1989 It (open) } ) 9...Bxf6 ( 9...Qxf6
10.Nf3 O-O 11.O-O Qd8 12.b4 axb4 13.axb4 Ne7 14.b5 Be6 15.Qc2 f5 16.Nd2 c6
17.bxc6 bxc6 18.Rb7 Rc8 19.Rfb1 Rc7 20.Na4 Kh7 21.Qb3 d5 22.Nc5 Bg8 23.Qa3 Re8
24.Rxc7 Qxc7 25.Rb7 Qd6 26.Rd7 Qf6 27.Qa7 e4 28.cxd5 cxd5 29.e3 { ...1/2-1/2,
El Ghazali Youssef M 2380 - Rahman Yehya 2263 , Tanta 2000 It (open) } )
10.Nf3 ( 10.b4 axb4 11.axb4 O-O 12.Nf3 Ne7 13.O-O c6 { 1/2-1/2, Bauer
Christian 2490 - David Alberto 2520 , Metz 1998 It (open) } ) 10...Bg7 (
10...O-O 11.b4 axb4 12.axb4 Bg7 13.b5 Nd4 14.Nxd4 exd4 15.Nd5 Be6 16.O-O Qd7
17.Nb4 Rab8 18.Re1 Rfe8 19.Ra1 Bh3 20.Bh1 h5 21.Ra7 Qc8 22.Qd2 h4 23.Nd5 hxg3
24.hxg3 Bg4 25.Bf3 Re5 26.Qf4 Bxf3 27.Qxf3 Qd8 28.Nb4 Bh6 29.Rxb7 Rxb7 30.Qxb7
{ ...1-0, Psakhis Lev 2590 - Wang Zili 2535 , Yerevan 1996 Olympiad } ) (
10...Ne7 11.b4 axb4 12.axb4 Bg7 13.O-O c6 14.Nd2 O-O 15.b5 { 1/2-1/2, Malaniuk
Vladimir P 2615 - Sherbakov Ruslan 2580 , Sochi 1997 Cup Russia (final) } )
11.b4 { N } ( 11.O-O O-O 12.Nd2 ( 12.b4 axb4 13.axb4 Nd4 14.b5 Bg4 15.e3 Nxf3+
16.Bxf3 Bxf3 17.Qxf3 Ra3 18.Nd5 Qd7 19.Rfd1 f5 20.Nb4 f4 21.Qxb7 f3 22.Kh1 Kh7
23.Rg1 Rf7 24.Qe4 h5 25.Nd5 Ra2 26.Rbf1 Qg4 27.Nc3 Rc2 28.Qxg4 hxg4 29.Ne4 Bh6
30.Ra1 Kg7 { ...0-1, Welling Gerard 2399 - Carlier Bruno 2464 , Vlaardingen
9.2005 It (open) (active) } ) 12...Re8 13.Nd5 Ne7 14.b4 axb4 15.axb4 c6
16.Nxe7+ Rxe7 17.Qb3 Be6 18.b5 d5 19.cxd5 cxd5 20.Rfc1 Rd7 21.Nf1 h5 22.b6 h4
23.Rc7 h3 24.Bh1 e4 25.Rbc1 Be5 26.R7c2 exd3 27.exd3 Bd4 28.Rc7 Qf6 29.Qc2
Bxb6 30.Rxd7 Bxd7 { ...0-1, Nikolaev Leonid 2301 - Cyborowski Lukasz 2564 ,
Krakow 30.12.2004 It (open) } ) ( 11.Nd2 O-O 12.O-O Ne7 13.Qc2 c6 14.Rfc1 {
1/2-1/2, Contin Daniel 2406 - Sarno Spartaco 2409 , Torino 2000 Ch Italy (1/2
final) } ) 11...axb4 12.axb4 O-O 13.Nd5 { -0.60 CAP } ( 13.b5 Nd4 14.Nxd4 exd4
15.Nd5 Be6 16.O-O Qd7 17.Nb4 Rab8 18.Re1 Rfe8 19.Ra1 Bh3 20.Bh1 h5 21.Ra7 Qc8
22.Qd2 h4 23.Nd5 hxg3 24.hxg3 Bg4 25.Bf3 Re5 26.Qf4 Bxf3 27.Qxf3 Qd8 28.Nb4
Bh6 29.Rxb7 Rxb7 30.Qxb7 Bd2 31.Nc6 Qg5 32.Nxe5 Bxe1 { ...1-0, Psakhis Lev
2590 - Wang Zili 2535 , Yerevan 1996 Olympiad } ) ( 13.O-O Ne7 14.Nd2 e4 15.d4
Bxd4 16.Ndxe4 Bg7 17.Nd5 Nxd5 18.Qxd5 Rb8 19.Rfd1 Bf5 20.c5 dxc5 21.bxc5 Qxd5
22.Rxd5 Rfe8 23.Rb4 Bxe4 24.Bxe4 c6 25.Rd7 Bf8 26.Bf3 Re7 27.Rxe7 Bxe7 28.Bxc6
Bxc5 29.Rxb7 Rxb7 30.Bxb7 { 1/2-1/2, Berkes Ferenc 2630 - Acs Peter 2521 ,
Budapest 2003 It (cat.17) } ) 13...Re8 { N } ( 13...Be6 14.Nd2 Qd7 15.b5 Nd4
16.e3 Bxd5 17.Bxd5 c6 18.Bg2 Ne6 19.O-O Ra3 20.Rb3 Rfa8 21.bxc6 bxc6 22.Qf3
Rxb3 23.Nxb3 Ra3 24.Rb1 Ng5 25.Qe2 d5 26.h4 Ne6 27.cxd5 cxd5 28.Qc2 h5 29.Ra1
Rxa1+ 30.Nxa1 d4 31.e4 g5 32.hxg5 Nxg5 33.Qd1 { ...1/2-1/2, Sloth Jorn 2375 -
Karlsson Lars 2505 , Gladsaxe/Farum 1983 It (cat.8) } ) ( 13...Nd4 14.Nxd4
exd4 15.b5 Bg4 16.h3 Bd7 17.Nb4 Qc8 18.Nd5 Kh7 19.h4 Re8 20.b6 Ra2 21.bxc7 Ba4
22.Nb6 Qg4 23.O-O Bxd1 24.Bf3 Bxe2 25.Bxg4 Bxg4 26.Rfe1 Rb2 27.Rxb2 Rxe1+
28.Kg2 Re8 29.f3 Bf5 30.g4 Be6 31.Re2 Be5 32.Re4 g5 33.hxg5 { ...0-1, Daly
Colm 2365 - Sadler Matthew 2535 , Dublin 1993 it (open) (zt) } ) ( 13...Ne7
14.b5 e4 15.dxe4 Nxd5 16.cxd5 Bc3+ 17.Kf1 f5 18.Qc2 Bg7 19.Nh4 Qf6 20.e3 fxe4
21.Bxe4 Bh3+ 22.Bg2 Bg4 23.h3 Ra1 24.f4 Rfa8 25.Rxa1 Qxa1+ 26.Kf2 Ra2 27.Rxa1
Rxc2+ 28.Kg1 Bxa1 29.hxg4 Kg7 30.Be4 Rc5 31.Nxg6 Rxb5 32.Nh4 Rb4 33.Nf5+ {
...1-0, Daly Colm 2310 - O'Kearney Sean, Dublin 1997 Ch Ireland } ) 14.b5 Ne7
15.Nxe7+ Rxe7 16.Nd2 Rb8 17.Qa4 Be6 18.O-O b6 19.Qc2 f5 20.Bd5 Kh7 21.e3 Qf8
22.Ra1 Qf7 23.Ra7 Rf8 24.Qa2 f4 25.Ra8 Bxd5 26.Rxf8 Qxf8 27.cxd5 Rf7 28.Qc4 h5
29.Nf3 Bh6 30.Qe4 Kg7 31.exf4 exf4 32.Nd4 Kh7 33.gxf4 Bxf4 34.Ne6 Qh6 { ? } (
34...Qe7 35.f3 Qf6 36.Rf2 Qc3 37.Kg2 Qc1 38.Nd8 Rg7 39.Re2 Qd1 40.Ne6 { } )
35.h4 Re7 36.Qxf4 { } {#r} 1-0

[Event "It (open)"]
[Site "Zabrze (Poland)"]
[Date "2007.05.27"]
[Round "8"]
[White "Gwozdzik Zbigniew (POL)"]
[Black "Sroka Janusz (POL)"]
[Result "0-1"]
[WhiteElo "1888"]
[BlackElo "2163"]

1.c4 e5 2.Nc3 Nc6 3.g3 g6 4.Bg2 Bg7 5.d3 d6 6.Nf3 f5 7.O-O Nf6 8.Bg5 h6 9.Bxf6
Qxf6 10.Nd5 Qf7 11.Rb1 O-O 12.b4 Nd8 13.Qc2 c6 14.Nc3 e4 15.Nd2 Qf6 16.Rbc1
exd3 17.Qxd3 Nf7 18.Nf3 Be6 19.e3 Rad8 20.Ne2 d5 21.c5 g5 22.Ned4 Bc8 23.a4
Rde8 24.b5 f4 25.gxf4 gxf4 26.exf4 Re4 27.bxc6 bxc6 28.Ne2 Rxa4 29.Qb3 Re4
30.Ng3 Re7 31.Nh5 Qg6 32.Nxg7 Qxg7 33.Nh4 Qg4 34.Qg3 Nh8 35.f5 Rg7 36.Ng6 Qd4
37.Rfd1 Qf6 38.Qe3 Nxg6 39.fxg6 Qxg6 {#R} 0-1

[Event "Ch Germany (juniors) (Internet) (under 25) (qual4)"]
[Site "Internet"]
[Date "2007.06.13"]
[Round "1"]
[White "Scholtes Benedikt (GER)"]
[Black "Nazarenus Moritz (GER)"]
[Result "0-1"]
[WhiteElo "2001"]
[BlackElo "2213"]

1.c4 e5 2.Nc3 Nc6 3.g3 g6 4.Bg2 Bg7 5.d3 d6 6.e4 f5 7.f4 Nf6 8.Nf3 O-O 9.O-O
Be6 10.exf5 Bxf5 11.Be3 Qd7 12.Qb3 Kh8 13.Ng5 Rab8 14.Rad1 h6 15.Nge4 Ng4
16.Bf2 Nxf2 17.Rxf2 Nd4 18.Qa4 Qxa4 19.Nxa4 Bg4 20.Rdd2 exf4 21.Rxf4 Ne2+
22.Kf2 Nxf4 23.gxf4 Rxf4+ 24.Ke3 Rbf8 25.Nf2 Bd4# 0-1

[Event "It (open) \"]
[Site "St. Petersburg (Russia)"]
[Date "2007.06.25"]
[Round "1"]
[White "Timofeev Andrei (RUS)"]
[Black "Barinova Valerija (RUS)"]
[Result "1-0"]
[WhiteElo "2246"]
[BlackElo "2009"]

1.c4 e5 2.Nc3 Nc6 3.d3 g6 4.g3 Bg7 5.Bg2 d6 6.Rb1 h5 7.Nf3 Bf5 8.b4 Qc8 9.Nd5
Nf6 10.b5 Nd8 11.e4 Bg4 12.h3 Bd7 13.Ng5 Nxd5 14.cxd5 c6 15.bxc6 bxc6 16.Qb3
Bf6 17.Nf3 Be7 18.Nd2 cxd5 19.exd5 h4 20.g4 f5 21.gxf5 gxf5 22.Nc4 Rg8 23.Bf3
f4 24.Ba3 Nf7 25.Bh5 Qc7 26.Nxe5 Rf8 27.Nc4 Rh8 28.Bxf7+ Kxf7 29.Qb7 Qd8
30.Bxd6 Bxd6 31.Nxd6+ {#r} 1-0

[Event "It (open) \"]
[Site "St. Petersburg (Russia)"]
[Date "2007.06.27"]
[Round "3"]
[White "Gavrikov Viktor (RUS)"]
[Black "Barinova Valerija (RUS)"]
[Result "0-1"]
[WhiteElo "1698"]
[BlackElo "2009"]

1.c4 e5 2.Nc3 Nc6 3.g3 g6 4.Bg2 Bg7 5.d3 d6 6.Qa4 Bd7 7.Qd1 h5 8.h4 Nge7 9.b4
Nxb4 10.Bxb7 Rb8 11.Bg2 e4 12.Bd2 exd3 13.exd3 Nxd3+ 14.Kf1 Bd4 15.Be1 Bf5
16.Nge2 Bg7 17.Qa4+ Qd7 18.Qxa7 O-O 19.Nd4 Bxd4 20.Qxd4 Nc6 21.Qe3 Kg7 22.Bd2
Rh8 23.Nd5 Nce5 24.Bc3 f6 25.f3 c6 26.Nxf6 Kxf6 27.f4 Rhe8 28.fxe5+ Nxe5
29.Qg5+ Kg7 30.Kg1 Kh7 31.Rd1 {#R} 0-1

[Event "Tournament (Elo)"]
[Site "Novosibirsk (Russia)"]
[Date "2007.07.22"]
[Round "4"]
[White "Shakirov Alexander (KAZ)"]
[Black "Malyshev Vasilij (RUS)"]
[Result "0-1"]
[WhiteElo "1950"]
[BlackElo "2353"]

1.c4 e5 2.g3 g6 3.Bg2 Bg7 4.Nc3 Nc6 5.d3 d6 6.e4 Nge7 7.Nge2 h5 8.h3 Be6 9.Bg5
f6 10.Be3 Qd7 11.h4 Nd8 12.Nd5 Ng8 13.Qd2 c6 14.Ndc3 f5 15.b3 Nf6 16.f3 d5
17.cxd5 cxd5 18.exd5 Nxd5 19.Nxd5 Bxd5 20.Rd1 O-O 21.O-O Re8 22.f4 Bxg2
23.Kxg2 Nc6 24.d4 exd4 25.Nxd4 Nxd4 26.Bxd4 Rad8 27.Be3 Qc6+ {#R} 0-1

[Event "Ch Spain (juniors) (under 18)"]
[Site "Granada (Spain)"]
[Date "2007.08.01"]
[Round "6"]
[White "Larino Nieto David (ESP)"]
[Black "Mestre Bellido Hector (ESP)"]
[Result "0-1"]
[WhiteElo "2428"]
[BlackElo "2307"]

1.c4 e5 2.Nc3 Nc6 3.g3 g6 4.Bg2 Bg7 5.d3 d6 6.Nd5 Nce7 7.e4 c6 8.Ne3 f5 9.h4
Nf6 10.h5 f4 11.gxf4 exf4 12.h6 fxe3 13.Qf3 Bxh6 14.Rxh6 Qa5+ 15.Kf1 exf2
16.Qxf2 Ng4 17.Qg3 O-O+ 18.Nf3 Nxh6 19.Bxh6 Rf7 20.Ke2 Bd7 21.Ng5 Rf6 22.Rf1
Qxa2 23.Nxh7 Rxf1 24.Bxf1 Qxb2+ 25.Bd2 Kxh7 26.Qh4+ Kg8 27.Qxe7 Bg4+ 28.Ke3
Rf8 29.Bg2 c5 30.Qxd6 Qd4+ {#R} 0-1

[Event "It (open) (b)"]
[Site "Augsburg (Germany)"]
[Date "2007.08.04"]
[Round "6"]
[White "Awiszus Thomas (GER)"]
[Black "Lingl Xenia (GER)"]
[Result "0-1"]
[WhiteElo "1613"]
[BlackElo "1724"]

1.c4 e5 2.Nc3 Nc6 3.g3 g6 4.Bg2 Bg7 5.d3 d6 6.Nf3 f5 7.O-O Nf6 8.Rb1 O-O 9.a3
h6 10.Ne1 g5 11.e3 Ne7 12.Qc2 Qe8 13.Qe2 Ng6 14.f4 g4 15.Nd5 Nxd5 16.Bxd5+ Kh7
17.Rf2 exf4 18.exf4 Bd4 19.Be3 Qxe3 {#R} 0-1

[Event "It (open) (juniors) (under 20)"]
[Site "Logrono (Spain)"]
[Date "2007.08.16"]
[Round "4"]
[White "Lopez Gil Diego (ESP)"]
[Black "Romero Lopez Marta (ESP)"]
[Result "0-1"]
[WhiteElo "1759"]
[BlackElo "2000"]

1.c4 e5 2.Nc3 g6 3.g3 Bg7 4.Bg2 d6 5.d3 Nc6 6.e3 h5 7.Nge2 h4 8.O-O hxg3
9.fxg3 Bh3 10.e4 Qd7 11.Rf2 Bxg2 12.Rxg2 O-O-O 13.Nd5 Rf8 14.b4 Nce7 15.Nec3
Kb8 16.a4 Nxd5 17.Nxd5 Ne7 18.Nxe7 Qxe7 19.b5 f5 20.a5 Qd7 21.Rb1 c6 22.bxc6
Qxc6 23.Qe1 Rf7 24.Bd2 Rhf8 25.Qe2 f4 26.gxf4 exf4 27.Rxg6 Bd4+ 28.Kh1 f3
29.Qf1 Rf6 30.Rxf6 Rxf6 31.Bg5 Rf7 32.Bh4 f2 33.Bg3 Qd7 34.Rb5 Qg4 35.Bxd6+
Kc8 36.Bg3 Qf3+ {#R} 0-1

[Event "It (open)"]
[Site "Collado Villalba (Spain)"]
[Date "2007.08.26"]
[Round "4"]
[White "Martinez Ramon Senen (ESP)"]
[Black "Mazzilli Piero (ITA)"]
[Result "0-1"]
[WhiteElo "2059"]
[BlackElo "2305"]

1.c4 e5 2.Nc3 Nc6 3.g3 g6 4.Bg2 Bg7 5.d3 d6 6.a3 Nf6 7.e3 O-O 8.Nge2 Be6 9.e4
Nh5 10.Bf3 f5 11.O-O fxe4 12.Bxe4 Bh3 13.Bg2 Qd7 14.Be3 Bxg2 15.Kxg2 Rf7 16.f3
Raf8 17.Qd2 Ne7 18.Ne4 Nf5 19.N2c3 c6 20.Bxa7 Bh6 21.Qf2 d5 22.Nc5 Qc8 23.Nb3
d4 24.Nd1 Be3 25.Qe2 Nh4+ 26.Kh1 Nxg3+ 27.hxg3 Qh3+ 28.Qh2 Qxf1+ 29.Qg1 Qxg1#
0-1

[Event "It (open)"]
[Site "Rewal (Poland)"]
[Date "2007.08.26"]
[Round "6"]
[White "Klekowski Maciej (POL)"]
[Black "Majdan Joanna (POL)"]
[Result "0-1"]
[WhiteElo "2177"]
[BlackElo "2295"]

1.c4 g6 2.Nc3 Bg7 3.g3 d6 4.Bg2 e5 5.d3 Nc6 6.e4 Nge7 7.Nge2 O-O 8.O-O Be6
9.f4 f5 10.Be3 Qd7 11.Nd5 Kh8 12.Qd2 Ng8 13.Rae1 Rae8 14.Kh1 Nd4 15.fxe5 Nxe2
16.Qxe2 dxe5 17.Nc3 Ne7 18.Qd2 Rf7 19.Rf2 Ref8 20.Ref1 Kg8 21.b4 b6 22.b5 Nc8
23.a4 Qd6 24.exf5 gxf5 25.Nd5 Ne7 26.d4 Bxd5 27.Bxd5 Nxd5 28.dxe5 Qxe5 29.cxd5
Rd8 30.Rd1 Rfd7 31.Kg1 Re8 32.Bd4 Qxd5 33.Qg5 h6 34.Qg6 Re6 {#R} 0-1

[Event "It (open)"]
[Site "Cesenatico (Italy)"]
[Date "2007.09.06"]
[Round "6"]
[White "Pompili Ugo (ITA)"]
[Black "Perich Stefano (ITA)"]
[Result "0-1"]
[WhiteElo "1817"]
[BlackElo "1995"]

1.c4 e5 2.Nc3 Nc6 3.g3 g6 4.Bg2 Bg7 5.d3 d6 6.e3 Be6 7.Nge2 Qd7 8.h3 Nh6 9.a3
O-O 10.Qc2 Rab8 11.Bd2 Ne7 12.O-O-O c6 13.Ne4 f6 14.Bc3 b6 15.g4 Nf7 16.f4 d5
17.N4g3 c5 18.Rhf1 d4 19.exd4 exd4 20.Bd2 f5 21.gxf5 Nxf5 22.Nxf5 Bxf5 23.Rh1
b5 24.Ng3 bxc4 25.Nxf5 cxd3 26.Qxd3 c4 27.Qg3 Qxf5 28.Bb4 Rfe8 29.Rhe1 Rxe1
30.Rxe1 a5 31.Be4 Qb5 32.f5 axb4 33.fxg6 hxg6 34.Bd5 bxa3 35.Bxf7+ Kxf7
36.Qc7+ Kg8 37.Re7 axb2+ 38.Kb1 Qf5+ {#R} 0-1

[Event "Ch Croatia (team) (1st league)"]
[Site "Sibenik (Croatia)"]
[Date "2007.09.30"]
[Round "6"]
[White "Biliskov Vjekoslav (CRO)"]
[Black "Bozanic Ivica (CRO)"]
[Result "1-0"]
[WhiteElo "2326"]
[BlackElo "2241"]

1.c4 e5 2.g3 Nc6 3.Bg2 g6 4.Nc3 Bg7 5.d3 d6 6.e4 Nf6 7.Nge2 O-O 8.O-O Be6 9.h3
Qd7 10.Kh2 Ne7 11.Be3 c6 12.f4 Ne8 13.Qd2 d5 14.cxd5 cxd5 15.exd5 Nxd5 16.Bxd5
Bxd5 17.Bc5 exf4 18.Nxf4 Bc6 19.Bxf8 Kxf8 20.d4 Qd6 21.d5 Nf6 22.Qg2 Bd7
23.Rad1 h5 24.Kh1 Kg8 25.Ne4 Nxe4 26.Qxe4 Bf5 27.Qf3 Qb4 28.Rde1 Qxb2 29.g4
hxg4 30.hxg4 Bc2 31.Re2 Rc8 32.Nxg6 Rc7 33.d6 Rd7 34.Ne7+ {#r} 1-0

[Event "Czech League 2007/08 (krajsky prebor)"]
[Site "Czech Republic"]
[Date "2007.11.11"]
[Round "2"]
[White "Culek Karel"]
[Black "Vavra Radim (CZE)"]
[Result "0-1"]
[WhiteElo "1829"]
[BlackElo "2059"]

1.c4 e5 2.Nc3 Nc6 3.g3 g6 4.Bg2 Bg7 5.d3 d6 6.Nf3 f5 7.Bg5 Qd7 8.Qc1 Qf7 9.O-O
f4 10.gxf4 h6 11.fxe5 hxg5 12.Nxg5 Qf8 13.Nb5 Kd8 14.exd6 cxd6 15.Nxd6 Nh6
16.Nxb7+ Kc7 17.Na5 Nxa5 18.Bxa8 Ng4 19.h3 Be5 20.hxg4 Bh2+ 21.Kg2 Bf4 22.Qc3
Rh2+ 23.Kg1 Qh6 24.Qxa5+ Kb8 25.Qd5 Rh4 26.Kg2 Rxg4+ 27.Kf3 Rxg5 28.Rab1 Qf8
29.Qc6 Bd6+ 30.Ke4 Qf4# 0-1

[Event "Czech League 2007/08 (krajsky prebor)"]
[Site "Czech Republic"]
[Date "2007.11.25"]
[Round "0"]
[White "Sysel Jiri"]
[Black "Janota Jiri"]
[Result "0-1"]
[WhiteElo "1902"]
[BlackElo "1957"]

1.c4 e5 2.Nc3 Nc6 3.g3 g6 4.Bg2 Bg7 5.d3 d6 6.Nf3 Nge7 7.O-O O-O 8.Bd2 h6
9.Rb1 Nd4 10.b4 Nxf3+ 11.Bxf3 Bh3 12.Bg2 Bxg2 13.Kxg2 c6 14.e4 d5 15.Qc2 f5
16.cxd5 cxd5 17.Qb3 Kh7 18.Nxd5 Nxd5 19.exd5 Rf7 20.Rbc1 Rd7 21.Be3 Rxd5
22.Rfd1 b6 23.b5 Qd7 24.Rc6 Rd8 25.a4 f4 26.Bc1 Qf5 27.d4 R8d7 28.Rc4 g5
29.Bb2 e4 30.f3 g4 31.fxg4 Qxg4 32.Qc2 fxg3 33.hxg3 Qf3+ 34.Kg1 Qxg3+ 35.Qg2
Qe3+ {#R} 0-1

[Event "Tournament (weekend) (a)"]
[Site "Porto Sant'Elpidio (Italy)"]
[Date "2007.11.25"]
[Round "3"]
[White "Serafini Gino (ITA)"]
[Black "Rinaudo Andrea (ITA)"]
[Result "0-1"]
[WhiteElo "1831"]
[BlackElo "2119"]

1.c4 e5 2.Nc3 Nc6 3.g3 g6 4.Bg2 Bg7 5.d3 d6 6.Nf3 f5 7.Bg5 Nf6 8.Nd5 O-O 9.a3
Ne7 10.Nxf6+ Bxf6 11.Bxf6 Rxf6 12.Qb3 c5 13.Qc3 Nc6 14.b4 Qc7 15.Ng5 h6 16.Nf3
Rb8 17.Qd2 Kh7 18.e3 b6 19.b5 Ne7 20.a4 Be6 21.h4 Kg7 22.a5 d5 23.axb6 axb6
24.Qa2 dxc4 25.dxc4 Rd8 26.O-O e4 27.Nd2 Bf7 28.Qb2 g5 29.hxg5 hxg5 30.Rfd1
Bh5 31.Rdc1 Ng6 32.Bh3 Ne5 33.Ra6 Rxd2 34.Qa3 Qd6 35.Ra7+ Bf7 36.Kg2 g4 37.Rh1
gxh3+ 38.Rxh3 Ng4 {#R} 0-1

[Event "Ch Europe (active)"]
[Site "Warsaw (Poland)"]
[Date "2007.12.16"]
[Round "11"]
[White "Janczarski Michal (POL)"]
[Black "Narmontas Matas (LTU)"]
[Result "0-1"]
[WhiteElo "2111"]
[BlackElo "2367"]

1.c4 e5 2.g3 Nc6 3.Bg2 g6 4.Nc3 Bg7 5.d3 d6 6.Nf3 h6 7.O-O Nge7 8.Rb1 Be6 9.b4
Qd7 10.b5 Nd8 11.Re1 O-O 12.a4 f5 13.Qc2 g5 14.a5 a6 15.b6 c6 16.Bb2 Ng6
17.Rbd1 g4 18.Nd2 Nf7 19.Nb3 Ng5 20.Na4 f4 21.d4 Qf7 22.dxe5 Nh3+ 23.Bxh3 fxg3
24.fxg3 Qf2+ 25.Kh1 gxh3 26.Rg1 Bf5 {#R} 0-1

[Event "It (open)"]
[Site "L'Hospitalet de Llobregat (Spain)"]
[Date "2007.12.26"]
[Round "1"]
[White "Corrales Adamuz Cristian (ESP)"]
[Black "Prats Rodriquez Juan (ESP)"]
[Result "0-1"]
[WhiteElo "1797"]
[BlackElo "2091"]

1.c4 e5 2.Nc3 Nc6 3.g3 g6 4.Bg2 Bg7 5.d3 d6 6.e4 Be6 7.Nge2 Qd7 8.Nd5 Nd8
9.Bd2 c6 10.Ne3 Bh3 11.Bb4 Bxg2 12.Nxg2 Ne6 13.a4 Ne7 14.O-O O-O 15.Bd2 d5
16.cxd5 cxd5 17.Be3 f5 18.f3 Kh8 19.h4 fxe4 20.fxe4 Rxf1+ 21.Kxf1 Ng8 22.Ng1
Rf8+ 23.Bf2 Qf7 24.Nh3 Nd4 25.Kg1 Qd7 26.Bxd4 Qxh3 27.Bf2 Nf6 28.Ne3 d4 29.Qf1
Qd7 30.Nd1 Ng4 31.Qh3 h5 32.Qf1 Bh6 33.Qe2 Nxf2 {#R} 0-1

[Event "Ch Australia"]
[Site "Parramatta (Australia)"]
[Date "2008.01.02"]
[Round "1"]
[White "Atzmon-Simon Barak (ISR)"]
[Black "Canfell Gregory (AUS)"]
[Result "0-1"]
[WhiteElo "2169"]
[BlackElo "2286"]

1.c4 g6 2.g3 Bg7 3.Bg2 d6 4.Nc3 e5 5.d3 Nc6 6.e4 Nge7 7.Nge2 O-O 8.O-O f5 9.f3
Be6 10.Nd5 h6 11.Be3 g5 12.f4 Ng6 13.exf5 Bxf5 14.fxg5 hxg5 15.Qd2 g4 16.Rf2
Nd4 17.Nxd4 exd4 18.Bg5 Qd7 19.Raf1 c6 20.Nf6+ Bxf6 21.Rxf5 Bg7 22.Be4 Ne5
23.Rxf8+ Rxf8 24.Rxf8+ Kxf8 25.Bh6 Qf7 26.Bxg7+ Qxg7 27.Qf4+ Ke7 28.Kg2 Qh8
29.Qg5+ Qf6 30.Qxf6+ Kxf6 31.Kf2 a5 {#R} 0-1

[Event "Ch England (seniors)"]
[Site "Dovedale (England)"]
[Date "2008.02.01"]
[Round "5"]
[White "Ellison Derek George (ENG)"]
[Black "Donaghay Richard H (ENG)"]
[Result "0-1"]
[WhiteElo "2083"]
[BlackElo "1980"]

1.c4 e5 2.g3 g6 3.Bg2 Bg7 4.Nc3 Nc6 5.d3 d6 6.e3 Nge7 7.Rb1 f5 8.Nge2 O-O 9.b4
Qe8 10.b5 Nd8 11.a4 a5 12.Ba3 f4 13.gxf4 exf4 14.exf4 Bxc3+ 15.Nxc3 Nd5+
16.Ne4 Nc3 17.Qb3 Nxb1 18.Qxb1 Ne6 19.Bc1 Nxf4 20.Bxf4 Rxf4 21.O-O Bg4 22.Re1
Qd7 23.Qb2 Qg7 24.Qd2 Raf8 25.Qxa5 b6 26.Qd2 Bf3 27.Ng5 Bxg2 28.Ne6 Qh6
29.Nxf4 Bf3 30.Qe3 Qg5+ 31.Kf1 Rxf4 32.Qe8+ Rf8 33.Qe6+ Kh8 34.Qh3 Qd2 35.Qh4
Bg2+ {#R} 0-1

[Event "Tournament (Elo) (a)"]
[Site "Warsaw (Poland)"]
[Date "2008.02.01"]
[Round "5"]
[White "Nguyen Piotr (POL)"]
[Black "Matuszewski Michal (POL)"]
[Result "0-1"]
[WhiteElo "2327"]
[BlackElo "2266"]

1.c4 e5 2.Nc3 Nc6 3.g3 g6 4.Bg2 Bg7 5.d3 d6 6.e4 Nf6 7.Nge2 O-O 8.O-O Bd7
9.Rb1 a5 10.a3 Qc8 11.b4 axb4 12.axb4 Ne7 13.f4 Nh5 14.fxe5 dxe5 15.Bg5 f6
16.Be3 Bg4 17.Rf2 Ra3 18.Qc1 Qa8 19.Bc5 Rf7 20.b5 Ra5 21.d4 f5 22.dxe5 Bxe5
23.exf5 Bxf5 24.Rxf5 Nxf5 25.g4 Nh4 26.Bd5 Nf6 27.Bxf7+ Kxf7 28.Nd5 b6 29.Qe3
Ra1 30.Rc1 Rxc1+ 31.Nxc1 bxc5 32.Nb3 Bd4 33.Nxd4 Qa1+ {#R} 0-1